000 01377nam a2200349Ic 4500
001 58328
003 CO-BoRNBP
005 20250821202932.0
007 ta
008 180815s9999 xx 000 0 und d
020 _a9788430937967
040 _aCO-BoRNBP
_bspa
_erda
_cCO-BoRNBP
041 _aspa
082 0 _a194 D27d
100 _aDescartes, René,
_d1596-1650
_eaut
_962937
245 1 0 _aDiscurso del método y meditaciones metafísicas /
_cRené Descartes ; edición de Olga Fernández Prat ; traducción de Manuel García Morente.
250 _aPrimera edición, reimpresión
264 1 _aMadrid Tecnos :
_b[Publicador no identificado],
_c2017
300 _a239 páginas :
_bilustraciones en blanco y negro
336 _atexto
_btxt
_2rdacontent
337 _asin mediación
_bn
_2rdamedia
338 _avolumen
_bnc
_2rdacarrier
490 0 _aLos esenciales de la filosofía
500 _aIncluye glosario \ Incluye bibliografía en páginas 61-64 \ Incluye datos biográficos del autor en la parte inical del libro
650 0 7 _aFilosofía de la ciencia
_2LEMB
_915341
650 0 7 _aFilosofía francesa
_2lemb
_914821
650 0 7 _aMetodologia Cientifica
_2LEMB
_99176
650 0 7 _aTeoria Del Conocimiento
_2LEMB
700 _aGarcía Morente, Manuel \ Fernández Prat, Olga \ Fernández Prat, Olga. Editora
_962938
740 0 _aEditora
942 _2ddc
_cBK
999 _c58328
_d58328